[Event "First Saturday 2011 december FM-A"]
[Site "Budapest"]
[Date "2011.12.04"]
[Round "2"]
[White "Zilahi, Gabor"]
[Black "Letay, Gyula"]
[Result "1/2-1/2"]
[WhiteElo "2007"]
[BlackElo "2029"]
[PlyCount "33"]
[EventDate "2011.12.03"]

1. d4 d5 2. c4 e6 3. Nc3 Nf6 4. Bg5 Be7 5. Nf3 O-O 6. e3 h6 7. Bh4 b6 8. Be2
Bb7 9. cxd5 Nxd5 10. Bxe7 Qxe7 11. Nxd5 exd5 12. O-O c5 13. dxc5 bxc5 14. Rc1
Rc8 15. Qa4 Nd7 16. Bb5 Nb6 17. Qg4 1/2-1/2

[Event "First Saturday 2011 december FM-A"]
[Site "Budapest"]
[Date "2011.12.05"]
[Round "3"]
[White "Gal, Hanna Krisztina"]
[Black "Juracsik, Jozsef"]
[Result "0-1"]
[WhiteElo "1924"]
[BlackElo "2172"]
[PlyCount "90"]
[EventDate "2011.12.03"]

1. e4 c5 2. Nf3 d6 3. c3 Nf6 4. Be2 Bd7 5. Qc2 Bc6 6. d3 e5 7. O-O Nbd7 8. Nbd2
Rc8 9. Re1 Be7 10. Nf1 O-O 11. h3 d5 12. Ng3 Re8 13. Bf1 Bf8 14. Bd2 b5 15. b3
Qc7 16. c4 bxc4 17. bxc4 d4 18. a4 a5 19. Ne2 Nb8 20. g4 Na6 21. Ng3 Nb4 22.
Qd1 g6 23. Nh2 Nd7 24. Be2 Bg7 25. Rf1 Nb6 26. g5 Ra8 27. Ng4 Qd7 28. Qc1 Qe6
29. f4 exf4 30. Bxf4 Nd7 31. Qd2 f6 32. gxf6 Nxf6 33. Nxf6+ Bxf6 34. Bg4 Qe7
35. Ne2 h5 36. Bf3 Kh7 37. Kh1 Qd7 38. Bg2 Bg7 39. Qd1 Rf8 40. Ng3 Rf7 41. Kh2
Raf8 42. Ne2 Rxf4 43. Rxf4 Be5 44. Qd2 Qd6 45. Raf1 g5 0-1

[Event "First Saturday 2011 december FM-A"]
[Site "Budapest"]
[Date "2011.12.11"]
[Round "9"]
[White "Mester, Attila"]
[Black "Kozak, Adam"]
[Result "0-1"]
[WhiteElo "2084"]
[BlackElo "1864"]
[PlyCount "106"]
[EventDate "2011.12.03"]

1. e4 c5 2. Nf3 d6 3. d4 cxd4 4. Nxd4 Nf6 5. Nc3 g6 6. g3 Nc6 7. Nde2 Bg7 8.
Bg2 O-O 9. O-O Rb8 10. f4 Qb6+ 11. Kh1 Nd7 12. Nd5 Qd8 13. c3 e6 14. Ne3 Nc5
15. b4 Nxb4 16. cxb4 Bxa1 17. bxc5 dxc5 18. Qc2 Bg7 19. Qxc5 b6 20. Qa3 Qc7 21.
e5 Bb7 22. h3 Bxg2+ 23. Kxg2 Rfd8 24. Qb3 Qc6+ 25. Kh2 Rbc8 26. Rf2 Bf8 27. g4
Qe4 28. Ng3 Qd4 29. Rd2 Qxf4 30. Rxd8 Rxd8 31. Qc3 Bb4 32. Qc7 Rd3 33. Qc8+ Bf8
34. Nef1 Qf2+ 35. Kh1 Rxg3 36. Nxg3 Qxg3 37. g5 Qxh3+ 38. Kg1 Kg7 39. Kf2 Bc5+
40. Ke2 Qh2+ 41. Kd3 Qxe5 42. Bd2 Qd4+ 43. Kc2 Qa4+ 44. Kd3 Qd4+ 45. Kc2 Qe4+
46. Kc1 Qd3 47. Qc7 Ba3+ 48. Kd1 Bb2 49. a4 Qb1+ 50. Ke2 Qe4+ 51. Kf1 Bd4 52.
Qd8 Qf3+ 53. Ke1 Bf2+ 0-1

[Event "First Saturday 2011 december FM-A"]
[Site "Budapest"]
[Date "2011.12.12"]
[Round "10"]
[White "Dancs, Zsolt"]
[Black "Kozak, Adam"]
[Result "0-1"]
[WhiteElo "2114"]
[BlackElo "1864"]
[PlyCount "54"]
[EventDate "2011.12.03"]

1. d4 d5 2. Nf3 Nf6 3. c4 c6 4. cxd5 cxd5 5. Nc3 Nc6 6. Bg5 Ne4 7. Bf4 Qa5 8.
Qb3 Qb4 9. Qxb4 Nxb4 10. Rc1 Nxc3 11. bxc3 Nc6 12. e3 Bf5 13. Be2 Rc8 14. Nh4
Be6 15. O-O Na5 16. Bb5+ Bd7 17. Bxd7+ Kxd7 18. Nf3 f6 19. Rb1 b6 20. Rfc1 e6
21. Nd2 h5 22. e4 Nc4 23. exd5 exd5 24. a4 Bd6 25. Nxc4 Bxf4 26. Ne3 Rhe8 27.
Rb5 Rxe3 0-1

[Event "First Saturday 2011 december FM-A"]
[Site "Budapest"]
[Date "2011.12.12"]
[Round "10"]
[White "Farkas, Richard"]
[Black "Mester, Attila"]
[Result "0-1"]
[WhiteElo "2111"]
[BlackElo "2084"]
[PlyCount "130"]
[EventDate "2011.12.03"]

1. d4 f5 2. g3 Nf6 3. Bg2 g6 4. c4 Bg7 5. Nc3 d6 6. Nf3 O-O 7. O-O Nc6 8. d5
Na5 9. Nd2 c5 10. dxc6 Nxc6 11. e4 f4 12. Nf3 Nh5 13. Qd5+ e6 14. Qd3 Ne5 15.
Nxe5 Bxe5 16. Bf3 fxg3 17. hxg3 Qe7 18. Bg2 g5 19. Be3 Bd7 20. Rad1 Bc6 21. Bd4
Rad8 22. Bxe5 dxe5 23. Qe2 Ng7 24. Qe3 b6 25. a3 Qf6 26. b4 Rd4 27. Qe2 Qe7 28.
Rd2 Rfd8 29. Rfd1 R8d7 30. Rxd4 exd4 31. Na2 e5 32. b5 Bb7 33. Nb4 Rc7 34. Nd5
Bxd5 35. exd5 Qf6 36. Re1 Re7 37. Qc2 Qd6 38. c5 bxc5 39. a4 Ne8 40. Qc4 Kg7
41. Rc1 Rc7 42. a5 Nf6 43. Rb1 e4 44. b6 axb6 45. Rxb6 Qxd5 46. Qxd5 Nxd5 47.
Re6 Nf6 48. Bxe4 Nxe4 49. Rxe4 Kf6 50. Re1 Ra7 51. Ra1 Ra6 52. Kf1 Ke5 53. Ke2
c4 54. f3 h5 55. Kd2 h4 56. gxh4 gxh4 57. Rh1 Rxa5 58. Rxh4 Ra2+ 59. Ke1 c3 60.
Re4+ Kd5 61. Re8 d3 62. f4 Ra1+ 63. Kf2 c2 64. Rd8+ Ke6 65. Re8+ Kf7 0-1

[Event "First Saturday 2011 december FM-A"]
[Site "Budapest"]
[Date "2011.12.12"]
[Round "10"]
[White "Laza, Szabolcs"]
[Black "Juracsik, Jozsef"]
[Result "0-1"]
[WhiteElo "1869"]
[BlackElo "2172"]
[PlyCount "88"]
[EventDate "2011.12.03"]

1. d4 Nf6 2. c4 g6 3. Nc3 Bg7 4. e4 d6 5. f3 O-O 6. Bg5 Nbd7 7. Nh3 c5 8. d5 h6
9. Be3 a6 10. Qd2 Kh7 11. Be2 Ne5 12. Nf2 Bd7 13. f4 Neg4 14. Nxg4 Nxg4 15.
Bxg4 Bxg4 16. f5 gxf5 17. h3 f4 18. hxg4 fxe3 19. Qxe3 b5 20. g5 bxc4 21. O-O-O
Qd7 22. Rh4 Rab8 23. Rdh1 Qb7 24. Rxh6+ Kg8 25. Qh3 Qxb2+ 26. Kd1 Qa1+ 27. Ke2
Qb2+ 28. Kd1 Qa1+ 29. Ke2 Rb2+ 30. Kf3 Qxh1 31. Qxh1 Bxc3 32. Qc1 Bg7 33. Rh1
c3 34. g3 Rfb8 35. g6 fxg6 36. Rd1 Rxa2 37. Rd3 c2 38. Rd2 Rb1 39. Rxc2 Rxc1
40. Rxa2 Be5 41. Rxa6 Rc3+ 42. Ke2 Rxg3 43. Ra8+ Kf7 44. Ra4 Rb3 0-1

[Event "First Saturday 2011 december FM-A"]
[Site "Budapest"]
[Date "2011.12.12"]
[Round "10"]
[White "Koczo, Kristof"]
[Black "Gal, Hanna Krisztina"]
[Result "0-1"]
[WhiteElo "2147"]
[BlackElo "1924"]
[PlyCount "78"]
[EventDate "2011.12.03"]

1. d4 Nf6 2. c4 e6 3. Nc3 Bb4 4. e3 c5 5. Nge2 b6 6. a3 Ba5 7. Rb1 Na6 8. f3 d5
9. b4 cxb4 10. axb4 Nxb4 11. Rxb4 Bxb4 12. Qa4+ Bd7 13. Qxb4 a5 14. Qb3 dxc4
15. Qxc4 Rc8 16. Qd3 Nd5 17. Nxd5 exd5 18. g3 b5 19. Bg2 b4 20. Bd2 O-O 21. Kf2
Qb6 22. Nf4 Bc6 23. Qb3 Rfd8 24. Rc1 Bb7 25. Rxc8 Rxc8 26. Nxd5 Bxd5 27. Qxd5
b3 28. Bxa5 Qb8 29. Bf1 Rc2+ 30. Be2 b2 31. Bc7 Qxc7 32. Qa8+ Qc8 33. Qxc8+
Rxc8 34. Bd3 Rc1 35. d5 b1=Q 36. Bxb1 Rxb1 37. e4 Kf8 38. Ke3 Ke7 39. Kd4 Rh1
0-1

[Event "First Saturday 2011 december FM-A"]
[Site "Budapest"]
[Date "2011.12.13"]
[Round "11"]
[White "Juracsik, Jozsef"]
[Black "Koczo, Kristof"]
[Result "1/2-1/2"]
[WhiteElo "2172"]
[BlackElo "2147"]
[PlyCount "42"]
[EventDate "2011.12.03"]

1. Nf3 c5 2. e4 d6 3. d4 cxd4 4. Nxd4 Nf6 5. Nc3 a6 6. Be2 e6 7. Be3 Be7 8. O-O
O-O 9. f4 Qc7 10. Kh1 Nc6 11. Bf3 Nxd4 12. Bxd4 e5 13. fxe5 dxe5 14. Be3 Be6
15. Qe1 Rad8 16. Rd1 Rxd1 17. Qxd1 Rd8 18. Qc1 Bc4 19. Rd1 Rxd1+ 20. Qxd1 Qd6
21. Qxd6 Bxd6 1/2-1/2

[Event "First Saturday 2011 december FM-A"]
[Site "Budapest"]
[Date "2011.12.13"]
[Round "11"]
[White "Kozak, Adam"]
[Black "Farkas, Richard"]
[Result "1-0"]
[WhiteElo "1864"]
[BlackElo "2111"]
[PlyCount "85"]
[EventDate "2011.12.03"]

1. Nf3 Nf6 2. g3 g6 3. Bg2 Bg7 4. O-O O-O 5. c4 d6 6. Nc3 e5 7. d4 Nbd7 8. dxe5
dxe5 9. h3 c6 10. Be3 Qc7 11. Nd2 Kh8 12. c5 Rd8 13. b4 Nf8 14. Qc1 Ne6 15. Nc4
Nd5 16. Nxd5 cxd5 17. Nd6 e4 18. Rb1 Be5 19. Nb5 Qc6 20. Na3 f5 21. Bd2 Nd4 22.
Re1 Nb5 23. Nxb5 Qxb5 24. e3 Be6 25. Bc3 d4 26. Bf1 Qd7 27. exd4 Bxd4 28. Rd1
Qg7 29. Rxd4 Rxd4 30. Qb2 Rad8 31. Rd1 Rxd1 32. Bxg7+ Kg8 33. Bh6 R1d7 34. Bb5
Rf7 35. Qc2 a6 36. Bc4 Re8 37. Bxe6 Rxe6 38. a4 a5 39. b5 Rc7 40. Bf4 Rc8 41.
Qc4 Kf7 42. Qd5 Kf6 43. Bg5+ 1-0